Middle East dilemmas ; the background of United States policy.

Bibliographic Details
Main Author: Hurewitz, J. C., 1914-2008
Corporate Author: Council on Foreign Relations
Format: Book
Language:English
Published: New York : Published for the Council on Foreign Relations by Harper, 1953.
Subjects:

MARC

Tag First Indicator Second Indicator Subfields
LEADER 00000cam a22000001 4500
001 in00000067524
005 20151007083744.0
008 791107s1953 nyub b 00000 eng
010 |a  53005372  
035 |a (OCoLC)00397895 
035 |9 AAF9829AM 
040 |a DLC  |c DLC  |d TXA  |d UtOrBLW 
043 |a aw-----  |a n-us--- 
049 |a TXAM  |c 1 [222204] 
050 0 0 |a DS63  |b .H8 
082 0 |a 327.73/056 
092 |a 327.73  |b H963m 
100 1 |a Hurewitz, J. C.,  |d 1914-2008. 
245 1 0 |a Middle East dilemmas ;  |b the background of United States policy. 
264 1 |a New York :  |b Published for the Council on Foreign Relations by Harper,  |c 1953. 
300 |a xiv, 273 pages :  |b maps. ;  |c 23 cm. 
336 |a text  |b txt  |2 rdacontent 
337 |a unmediated  |b n  |2 rdamedia 
338 |a volume  |b nc  |2 rdacarrier 
504 |a "Bibliographical note": pages 257-262. 
651 0 |a United States  |x Foreign relations  |z Middle East. 
651 0 |a Middle East  |x Politics and government. 
710 2 |a Council on Foreign Relations. 
999 |a MARS 
999 f f |s 41a9c74f-06cf-3451-b066-2a6ab49f7b3c  |i f9cba40c-1213-372c-a131-7e3e41476b89  |t 0 
952 f f |p ric  |a Texas A&M University  |b Rellis Campus  |c Joint Library Facility  |d Remote Storage  |t 0  |e DS63 .H8  |h Library of Congress classification  |i unmediated -- volume  |m A14800678355 
998 f f |a DS63 .H8  |t 0  |l Remote Storage